Представление документа в формате RUSMARC

ПолеНазваниеЗначение
  Тип записи a
  Библиографический уровень a
001 Контрольный номер RU/УОНБ/EK_Kray/397497132
005 Дата корректировки 20240131005058.5
100 Данные общей обработки __
a Данные общей обработки 20120805d2012 ||| 0rusy0189 ca
101 Язык документа 0_
a Язык текста rus
102 Страна публикации __
a Страна публикации RU
105 Кодированные данные (монография) __
a Кодированные данные (монография) y###||||000|y
200 Заглавие и сведения об ответственности 1_
a Заглавие В фокусе жизни
f Первые сведения об ответственности Сергей Алешин
215 Физическое описание __
c Иллюстрации/тип воспроизводства 5 фот.
225 Серия 1_
a Серия Даты
330 Аннотация __
a Аннотация 12 июля - Всемирный день фотографа
461 Уровень набора _0
1 2000
a Народная газета
1 011
463 Уровень физической единицы _0
1 001RU/УОНБ/EK_Kray/397493679
1 2000
a 12-18 июля
v С. 27
1 210
d 2012
600 Персоналии _1
a Персоналии (Фамилия) Маркелычев, Александр Иванович
600 Персоналии _1
a Персоналии (Фамилия) Кубарев, Алексей Михайлович
610 Ключевые слова 0_
a Ключевые слова история фотографии
610 Ключевые слова 0_
a Ключевые слова фотографы
686 Индексы других классификаций __
a Классификационный индекс 85.16
2 Код системы rubbk
700 Автор _1
a Фамилия Алешин
b Имя (инициалы) С.
g Полное личное имя Сергей
4 Код отношения 070
801 Источник записи _0
a Страна RU
b Организация Ульяновская ОНБ
c Дата составления 20120805
g Правила каталогизации RCR
801 Источник записи _1
a Страна RU
b Организация Ульяновская ОНБ
c Дата составления 20120805
g Правила каталогизации RCR
901 Тип документа __
t Тип документа f
w Контрольный № источника RU/УОНБ/EK_Kray/397493679
909 Создатель записи __
a Создатель записи Никитина
938 Служебная информация __
a Имя БД kraeved_work
b Имя библиотеки УОНБ
c Имя АИБС МАРК-SQL
d Номер DOC_ID в БД 89833